| 000 | 00557nam a2200193Ia 4500 | ||
|---|---|---|---|
| 003 | GCL | ||
| 008 | 140319s9999 xx 000 0 ara d | ||
| 040 |
_aGCL / _cGCL |
||
| 082 | 0 | 4 |
_a843 _bح ج |
| 100 | 1 | _aخليل صابات | |
| 245 | 1 | 0 |
_aجان بول سارتر : الكلمات / _cخليل صابات |
| 300 | _a123 ص | ||
| 490 |
_aعيون الادب الاجنبى _v0 |
||
| 650 | 0 | 4 | _aالادب الفرنسى |
| 650 | 0 | 4 | _aالوجودية |
| 650 | 0 | 4 | _aالفلسفة الفرنسية |
| 650 | 0 | 4 | _aتاريخ ونقد |
| 942 |
_2ddc _cBK |
||
| 999 |
_c37642 _d37642 |
||